000 00269nam a2200097Ia 4500
008 220204s9999 xx 000 0 und d
082 _a062
_bHAN
245 0 _aHandbook of indigenous manufacturers of engineering stores
260 _aNew Delhi
_bSunlight
_c1957
942 _cBK
999 _c19805
_d19805